Kinare kinare : (Record no. 44436)

MARC details
000 -LEADER
fixed length control field 01166njm a22002657a 4500
005 - DATE AND TIME OF LATEST TRANSACTION
control field 20100908100941.0
007 - PHYSICAL DESCRIPTION FIXED FIELD--GENERAL INFORMATION
fixed length control field sd ammalaaahaa
008 - FIXED-LENGTH DATA ELEMENTS--GENERAL INFORMATION
fixed length control field 100908t xxu||||| |||| 00| 0 hin d
028 ## - PUBLISHER NUMBER
Publisher number N. 54020
Source His Master's Voice
035 ## - SYSTEM CONTROL NUMBER
System control number GR-01261
040 ## - CATALOGING SOURCE
Original cataloging agency SED/VEN
100 ## - MAIN ENTRY--PERSONAL NAME
Personal name Mohd. Rafi
9 (RLIN) 1184
245 ## - TITLE STATEMENT
Title Kinare kinare :
Remainder of title hindustani /
Statement of responsibility, etc by Mohd. Rafi and Mukesh ; music by Jai Dev ; lyric by Nyaya Sharma
Medium [sound recording] :
246 ## - VARYING FORM OF TITLE
Title proper/short title किनारे किनारे (मोहद.रफ़ी और मुकेश)
260 ## - PUBLICATION, DISTRIBUTION, ETC. (IMPRINT)
Place of publication, distribution, etc Dum Dum, India
Name of publisher, distributor, etc His Master's Voice
300 ## - PHYSICAL DESCRIPTION
Extent 1 sound record [Greamophone records] :
Other physical details analog, 33. 1/3 rpm
Dimensions 10 in.
500 ## - GENERAL NOTE
General note Brief record.
505 ## - FORMATTED CONTENTS NOTE
Formatted contents note Teri tasvir bhi (Mohd. Rafi and Mukesh) तेरी तस्वीर भी भाग १ , Jab game isqe satata hai जब गमे इश्क सताता है भाग २
Uniform Resource Identifier <a href=" "> </a>
650 ## - SUBJECT ADDED ENTRY--TOPICAL TERM
Topical term or geographic name as entry element Classical Music
General subdivision Excerpts
Geographic subdivision India
9 (RLIN) 18799
700 ## - ADDED ENTRY--PERSONAL NAME
Personal name Mukesh
9 (RLIN) 18800
700 ## - ADDED ENTRY--PERSONAL NAME
Personal name Jai Dev
9 (RLIN) 18875
700 ## - ADDED ENTRY--PERSONAL NAME
Personal name Sharma, Nyaya
9 (RLIN) 18889
942 ## - ADDED ENTRY ELEMENTS (KOHA)
Source of classification or shelving scheme Dewey Decimal Classification
Item type Gramaphone Records
Holdings
Withdrawn status Lost status Source of classification or shelving scheme Damaged status Not for loan Home library Current library Date acquired Source of acquisition Total Checkouts Barcode Date last seen Copy number Price effective from Koha item type
    Dewey Decimal Classification   Not For Loan Central Library Central Library 08/09/2010 SED/VEN   GR-01261 08/09/2010 1 08/09/2010 Gramaphone Records

© Delhi Public Library
Hit Counter
free hit counter